| 000 | 00609nam a22001937a 4500 | ||
|---|---|---|---|
| 003 | CEME | ||
| 005 | 20210628202746.0 | ||
| 008 | 210118b xxu||||| |||| 00| 0 eng d | ||
| 020 | _a1-58488-262-X | ||
| 040 | _c. | ||
| 082 | _a620.0051 WIL | ||
| 100 |
_aWilson, Howard B,Turcotte, Louis H,Halpern, David _961477 |
||
| 245 | _aAdvanced mathematics and mechanics applications using matlab | ||
| 250 | _a2ND | ||
| 260 |
_aNEW YORK _bCHAPMAN & HALL _c2003 |
||
| 300 | _aXIII,678 P | ||
| 650 |
_aMATLAB.ENGINEERING MATHEMATICS - DATA PROCESSING.MECHANICS, APPLIED- DATA PROCESSING _961478 |
||
| 942 |
_cBK _2ddc |
||
| 999 |
_c570914 _d570914 |
||